|
|
|
|
| LEADER |
00634nam a22001937a 4500 |
| 020 |
|
|
|a 978-81-264-5227-9
|
| 082 |
|
|
|a M3 (ITr.)
|b AMI/A
|
| 100 |
|
|
|a Amitav Ghosh
|
| 245 |
|
|
|a Aveen pookalude kadal
|
| 260 |
|
|
|a Kottayam
|b D C Books
|c 2014
|
| 300 |
|
|
|a 550p.
|
| 650 |
|
|
|a Translation Novel English
|
| 650 |
|
|
|a Novel Malayalam
|
| 650 |
|
|
|a Literature Malayalam
|
| 650 |
|
|
|a Literature
|
| 700 |
|
|
|a Anoop Chandran (tr.)
|
| 942 |
|
|
|c BK
|
| 999 |
|
|
|c 53921
|d 53921
|
| 952 |
|
|
|0 0
|1 0
|4 0
|6 M_3_000000000000000_ITR__AMI_A
|7 0
|9 77715
|a SSUS
|b SSUS
|c STACKS
|d 2015-06-10
|g 425.00
|l 4
|o M3 (ITr.) AMI/A
|p 076051
|q 2020-12-22
|r 2020-11-23
|s 2020-11-23
|w 2015-06-10
|y BK
|